<?xml version="1.0" encoding="UTF-8"?>
<record
    xmlns:xsi="http://www.w3.org/2001/XMLSchema-instance"
    xsi:schemaLocation="http://www.loc.gov/MARC21/slim http://www.loc.gov/standards/marcxml/schema/MARC21slim.xsd"
    xmlns="http://www.loc.gov/MARC21/slim">

  <leader>01059nam a2200277 a 4500</leader>
  <controlfield tag="001">BRCA_7039</controlfield>
  <controlfield tag="005">20190320205703.0</controlfield>
  <controlfield tag="008">031212s2012----u--a######---#000-0#eng-#</controlfield>
  <datafield tag="020" ind1=" " ind2=" ">
    <subfield code="a">9781606061176</subfield>
  </datafield>
  <datafield tag="041" ind1=" " ind2=" ">
    <subfield code="a">eng</subfield>
  </datafield>
  <datafield tag="044" ind1=" " ind2=" ">
    <subfield code="a">u</subfield>
  </datafield>
  <datafield tag="050" ind1=" " ind2="4">
    <subfield code="a">NX501.5</subfield>
    <subfield code="b">.S87 2012</subfield>
  </datafield>
  <datafield tag="245" ind1="1" ind2="0">
    <subfield code="a">Surrealism in Latin America</subfield>
    <subfield code="b">viv&#xED;simo muerto</subfield>
    <subfield code="c">edited by Dawn Ades, Rita Eder, and Graciela Speranza.</subfield>
  </datafield>
  <datafield tag="260" ind1=" " ind2=" ">
    <subfield code="a">Los Angeles</subfield>
    <subfield code="b">Getty Research Institute</subfield>
    <subfield code="c">2012</subfield>
  </datafield>
  <datafield tag="300" ind1=" " ind2=" ">
    <subfield code="a">vii, 224 p.</subfield>
    <subfield code="b">il.</subfield>
    <subfield code="c">26 cm.</subfield>
  </datafield>
  <datafield tag="440" ind1=" " ind2="0">
    <subfield code="a">Issues &amp; debates</subfield>
    <subfield code="9">17492</subfield>
  </datafield>
  <datafield tag="500" ind1=" " ind2=" ">
    <subfield code="a">Viv&#xED;simo Muerto: Debates on Surrealism in Latin America, un simposio realizado en the Getty Research Institute (Los &#xC1;ngeles), 25-26 junio, 2010.</subfield>
  </datafield>
  <datafield tag="504" ind1=" " ind2=" ">
    <subfield code="a">Incluye referencias bibliogr&#xE1;ficas e &#xED;ndice</subfield>
  </datafield>
  <datafield tag="650" ind1="1" ind2="4">
    <subfield code="a">Surrealismo</subfield>
    <subfield code="z">Am&#xE9;rica Latina</subfield>
    <subfield code="9">17493</subfield>
  </datafield>
  <datafield tag="650" ind1="1" ind2="4">
    <subfield code="a">Arte en Am&#xE9;rica Latina</subfield>
    <subfield code="y">Siglo XX-XXI</subfield>
    <subfield code="9">17494</subfield>
  </datafield>
  <datafield tag="700" ind1="1" ind2=" ">
    <subfield code="a">Ades, Dawn</subfield>
    <subfield code="e">ed.</subfield>
    <subfield code="9">4902</subfield>
  </datafield>
  <datafield tag="700" ind1="1" ind2=" ">
    <subfield code="a">Eder, Rita</subfield>
    <subfield code="e">ed.</subfield>
    <subfield code="9">17495</subfield>
  </datafield>
  <datafield tag="700" ind1="1" ind2=" ">
    <subfield code="a">Speranza, Graciela</subfield>
    <subfield code="d">1957-</subfield>
    <subfield code="e">ed.</subfield>
    <subfield code="9">17496</subfield>
  </datafield>
  <datafield tag="710" ind1="2" ind2=" ">
    <subfield code="a">Getty Research Institute</subfield>
    <subfield code="9">17497</subfield>
  </datafield>
  <datafield tag="942" ind1=" " ind2=" ">
    <subfield code="2">lcc</subfield>
    <subfield code="c">B</subfield>
  </datafield>
  <datafield tag="999" ind1=" " ind2=" ">
    <subfield code="c">6720</subfield>
    <subfield code="d">6720</subfield>
  </datafield>
  <datafield tag="952" ind1=" " ind2=" ">
    <subfield code="0">0</subfield>
    <subfield code="1">0</subfield>
    <subfield code="4">0</subfield>
    <subfield code="7">0</subfield>
    <subfield code="a">BRCA</subfield>
    <subfield code="b">BRCA</subfield>
    <subfield code="d">2011-11-30</subfield>
    <subfield code="l">0</subfield>
    <subfield code="o">NX501.5 .S87 2012</subfield>
    <subfield code="p">00686</subfield>
    <subfield code="r">2019-03-22 00:00:00</subfield>
    <subfield code="w">2019-03-22</subfield>
    <subfield code="y">B</subfield>
  </datafield>
</record>
